Biblioteca y Centro de Documentación

El nuevo modelo de informe anual de gobierno corporativo español (Registro nro. 42594)

Detalles MARC
000 -CABECERA
Longitud fija campo de control 01128naa a2200301 c 4500
001 - NÚMERO DE CONTROL
Número de control 42594
003 - IDENTIFICADOR DE NÚMERO DE CONTROL
Identificador del número de control ES-MaCES
005 - FECHA Y HORA DE LA ÚLTIMA TRANSACCIÓN
Fecha y hora de la última transacción 20141221114212.0
008 - CAMPO FIJO DE DESCRIPCIÓN FIJA--INFORMACIÓN GENERAL
Códigos de información de longitud fija   120409n2010 sp t 000 | spa d
035 ## - NÚMERO DE CONTROL DEL SISTEMA
Número de control del sistema CES20120002046v
040 ## - FUENTE DE CATALOGACIÓN
Centro catalogador de origen ES-MaCES
Lengua de catalogación spa
Centro transcriptor ES-MaCES
100 1# - ENCABEZAMIENTO PRINCIPAL--NOMBRE PERSONAL
Nombre de persona Ferruz Agudo, Luis
9 (RLIN) 12086
245 13 - MENCIÓN DE TÍTULO
Título El nuevo modelo de informe anual de gobierno corporativo español
Resto del título : implicaciones prácticas
Mención de responsabilidad, etc. Luis Ferruz, Isabel Marco Sanjuán, Isabel Acero Fraile
500 ## - NOTA GENERAL
Nota general Resumen en español e inglés
504 ## - NOTA DE BIBLIOGRAFÍA, ETC.
Nota de bibliografía, etc. Bibliografía: p. 79-82
650 #4 - ASIENTO SECUNDARIO DE MATERIA--TÉRMINO DE MATERIA
Término de materia o nombre geográfico como elemento inicial 2006
9 (RLIN) 31838
650 #4 - ASIENTO SECUNDARIO DE MATERIA--TÉRMINO DE MATERIA
Término de materia o nombre geográfico como elemento inicial España
9 (RLIN) 26964
650 #4 - ASIENTO SECUNDARIO DE MATERIA--TÉRMINO DE MATERIA
Término de materia o nombre geográfico como elemento inicial sociedades anónimas laborales
9 (RLIN) 31654
650 #4 - ASIENTO SECUNDARIO DE MATERIA--TÉRMINO DE MATERIA
Término de materia o nombre geográfico como elemento inicial informe
9 (RLIN) 28986
650 #4 - ASIENTO SECUNDARIO DE MATERIA--TÉRMINO DE MATERIA
Término de materia o nombre geográfico como elemento inicial gobierno
9 (RLIN) 27210
653 10 - TÉRMINO DE INDEXACIÓN--NO CONTROLADO
Término no controlado Ciencias Sociales-Políticas
700 1# - ENCABEZAMIENTO SECUNDARIO--NOMBRE PERSONAL
Nombre de persona Acero Fraile, Isabel
9 (RLIN) 5564
700 1# - ENCABEZAMIENTO SECUNDARIO--NOMBRE PERSONAL
Nombre de persona Marco Sanjuán, Isabel
9 (RLIN) 17479
773 0# - ENTRADA DE DOCUMENTO FUENTE
Título Revista de responsabilidad social de la empresa
Parte(s) relacionada(s) v. 2, n. 2 (mayo-ag. 2010){55/1102 R. 080517}; p. 55-82
Número de control del registro relacionado (ES-MaCES)26052
Itemnumber del ítem fuente 80027
902 ## - CES. TIPO DE DOCUMENTO
Tipodoc (006$c Sirtex) ART Artículo de revista
942 ## - ELEMENTOS KOHA
Fuente de clasificaión o esquema Clasificación propia del CES
Koha [por defecto] tipo de item Artículos (1982-2017)
Parte de clasificación 7.0.

No hay ítems disponibles.

© CES, Consejo Económico y Social de España 2021